Slovensko-ukrajinský slovník ojkoným
| Main Authors: | , , |
|---|---|
| Format: | Book |
| Language: | Slovak Ukrainian |
| PhysicalDescription: | 123 strán tabuľky 21cm |
| Published: |
Prešov
Prešovská univerzita v Prešove, Filozofická fakulta
2022
|
| ISBN: | 9788055529851 9788055529820 |
| Edition: | Vydanie: prvé |
| Series: | Opera Linguistica
58/2022 |
| Subjects: |
MARC
| LEADER | 00000cam a2200000 4500 | ||
|---|---|---|---|
| 001 | vtls012225052 | ||
| 003 | SK-MaSNL | ||
| 005 | 20260302025645.0 | ||
| 008 | 230315s2022 xo l frnd 000 0 slo | ||
| 015 | |a SNBA2023/07 | ||
| 020 | |a 9788055529851 |q (brožované) | ||
| 020 | |a 9788055529820 |q (online) | ||
| 040 | |a SNK |b slo |c SNK |e rda | ||
| 041 | 0 | |a slo |a ukr | |
| 044 | |a xo |c SK | ||
| 072 | 7 | |a 81 |x Lingvistika. Jazyky |2 konspekt | |
| 080 | |a 811.161.2 |2 2011 | ||
| 080 | |a 811.162.4 |2 2011 | ||
| 080 | |a 81`373.23 |2 2011 | ||
| 080 | |a (038)81 |2 2011 | ||
| 100 | 1 | |a Pachomovová, Svitlana, |d 1959- |4 aut |9 191753 | |
| 245 | 1 | 0 | |a Slovensko-ukrajinský slovník ojkoným |c Svitlana Pakhomova, Jaroslav Džoganík, Halyna Kuz |
| 246 | 3 | 1 | |a Slovacko-ukrajinskyj slovnyk ojkonimiv |
| 250 | |a Vydanie: prvé | ||
| 264 | 1 | |a Prešov |b Prešovská univerzita v Prešove, Filozofická fakulta |c 2022 | |
| 300 | |a 123 strán |b tabuľky |c 21cm | ||
| 336 | |a text |b txt |2 rdacontent | ||
| 337 | |a bez média |b n |2 rdamedia | ||
| 338 | |a zväzok |b nc |2 rdacarrier | ||
| 366 | |e 150 kusov | ||
| 490 | 1 | |a Opera Linguistica |v 58/2022 | |
| 500 | |a Publikácia vyšla v rámci projektu VEGA č. 1/0575/20 Transformácia a transpozícia antroponymických kategórií v slovanských jazykoch | ||
| 504 | |a Text v slovenčine a ukrajinčine, súbežný názov a titulný list v ukrajinčine | ||
| 546 | |a Obsahuje bibliografiu na strane 122-123 | ||
| 650 | 0 | 7 | |a ukrajinčina |2 SNKPH |9 1347 |
| 650 | 0 | 7 | |a slovenčina |2 SNKPH |9 1350 |
| 650 | 0 | 7 | |a Ukrainian language |2 SNKPHeng |9 325295 |
| 650 | 0 | 7 | |a Slovak language |2 SNKPHeng |9 266031 |
| 650 | 0 | 7 | |a onomastika |2 SNKPH |9 23494 |
| 650 | 0 | 7 | |a antroponymia |2 SNKPH |9 19329 |
| 650 | 0 | 7 | |a Onomastics |2 SNKPHeng |9 326720 |
| 650 | 0 | 7 | |a Anthroponymy |2 SNKPHeng |9 446287 |
| 655 | 7 | |a dvojjazyčné prekladové slovníky |2 SNKPH |9 70744 | |
| 655 | 7 | |a Bilingual translation dictionaries |2 SNKPHeng |9 287935 | |
| 700 | 1 | |a Džoganík, Jaroslav, |d 1964- |4 aut |9 131884 | |
| 700 | 1 | |a Kuz, Halyna, |d 1975- |4 aut |9 675258 | |
| 810 | 2 | |a Prešovská univerzita v Prešove. |b Filozofická fakulta |t Opera Linguistica |9 312728 | |
| 852 | |a Slovenská národná knižnica | ||
| 919 | |a 978-80-555-2985-1 | ||
| 919 | |a 978-80-555-2982-0 | ||
| 954 | |a odborná, vedecká literatúra pôvodná (slovenská) |2 lita | ||
| 954 | |a odborná, vedecká literatúra cudzojazyčná (svetová) |2 lita | ||
| 958 | |a NB | ||
| 999 | |c 1044934 |d 1046864 | ||
| 952 | |a SNK |b SNK |y PREZ |7 0 |p 17A1530037 |o snkSC 202606 |i snk2023/9566 |8 0 |0 0 |1 0 |4 0 |d 2023-06-16 |l 0 |r 2025-10-24 00:00:00 |w 2026-02-24 | ||
| 952 | |a SNK |b SNK |y VYP |7 0 |p 17A1530038 |o snkSC 202606 D1 |i snk2023/9569 |8 0 |0 0 |1 0 |4 0 |d 2023-06-16 |l 0 |r 2026-02-24 14:36:38 |w 2026-02-24 | ||


